Histoire de la Conquête du Mexique, ou de la Nouvelle Espagne (Record no. 3463)

MARC details
000 -CABECERA
campo de control de longitud fija 00868nam a2200265 a 4500
001 - NÚMERO DE CONTROL
campo de control BRCA_3734
005 - FECHA Y HORA DE LA ÚLTIMA TRANSACCIÓN
campo de control 20190320204413.0
008 - DATOS DE LONGITUD FIJA--INFORMACIÓN GENERAL
campo de control de longitud fija 150909s1774----fr-a---###---#000-0#fre-#
041 ## - CÓDIGO DE LENGUA
Código de lengua del texto/banda sonora o título independiente fre
044 ## - CÓDIGO DEL PAÍS DE LA ENTIDAD EDITORA/PRODUCTORA
Código MARC del país fr
050 #4 - SIGNATURA TOPOGRÁFICA DE LA BIBLIOTECA DEL CONGRESO
Número de clasificación F1219
Número de documento/Ítem .C67 1774
100 1# - ENTRADA PRINCIPAL--NOMBRE DE PERSONA
Nombre de persona Cortez, Fernand
Fechas asociadas al nombre 1485-1547
9 (RLIN) 9191
245 10 - MENCIÓN DE TÍTULO
Título Histoire de la Conquête du Mexique, ou de la Nouvelle Espagne
Mención de responsabilidad, etc. par Fernand Cortez.
250 ## - MENCIÓN DE EDICIÓN
Mención de edición 6
260 ## - PUBLICACIÓN, DISTRIBUCIÓN, ETC.
Lugar de publicación, distribución, etc. París
Nombre del editor, distribuidor, etc. Compagnie des Libraires
Fecha de publicación, distribución, etc. 1774
300 ## - DESCRIPCIÓN FÍSICA
Extensión 1 v.
Otras características físicas il., 12 láminas
Dimensiones 17 cm.
500 ## - NOTA GENERAL
Nota general Traduite de 1´espagnol de Dom Antoine de Solis.
500 ## - NOTA GENERAL
Nota general Con este número de inventario solo existe un volumen
500 ## - NOTA GENERAL
Nota general Estado físico: presenta 1 lamina y 1 hoja rota
500 ## - NOTA GENERAL
Nota general Ver también B210, C119 y S108
500 ## - NOTA GENERAL
Nota general B358
651 #4 - PUNTO DE ACCESO ADICIONAL DE MATERIA--NOMBRE GEOGRÁFICO
Nombre geográfico México
Subdivisión general Historia
Subdivisión cronológica Conquista, 1519-1540
9 (RLIN) 442
902 ## - CATALOGADOR
Iniciales GFM
942 ## - ELEMENTOS DE PUNTO DE ACCESO ADICIONAL (KOHA)
Fuente del sistema de clasificación o colocación Library of Congress Classification
Tipo de ítem Koha Libros
Holdings
Estado de retiro Estado de pérdida Estado dañado No para préstamo Localización permanente Ubicación/localización actual Fecha de adquisición Número de inventario Total de préstamos Signatura topográfica completa Código de barras Fecha visto por última vez Precio válido a partir de Tipo de ítem Koha
El ejemplar forma parte de la colección y puede ser consultado según las políticas vigentes.       Biblioteca del Museo Franz Mayer (Rogerio Casas-Alatriste) Biblioteca del Museo Franz Mayer (Rogerio Casas-Alatriste) 15/09/2009 B358   F1219 .C67 1774 (B358) 3731 22/03/2019 22/03/2019 Libros